[Event "Gausdal GM-A"]
[Site "Gausdal"]
[Date "2005.04.17"]
[Round "5"]
[White "Carlsen, Magnus"]
[Black "Vidonyak, Roman"]
[Result "1-0"]
[WhiteElo "2548"]
[BlackElo "2417"]
[Annotator "Golod,V"]
[PlyCount "83"]
[EventDate "2005.04.13"]
[EventType "tourn"]
[EventRounds "9"]
[EventCountry "NOR"]
[EventCategory "10"]
[SourceTitle "CBM 107"]
[Source "ChessBase"]
[SourceDate "2005.08.01"]
[SourceVersion "1"]
[SourceVersionDate "2005.08.01"]
[SourceQuality "1"]

1. e4 c5 2. Nf3 e6 3. d4 cxd4 4. Nxd4 Nf6 5. Nc3 Nc6 6. Ndb5 Bc5 $6 {Black
chose a very rare idea in this position.} 7. Bf4 O-O 8. Bc7 $5 (8. e5 $5 {
For further information, you can see comments on Xu Yuhua-Cramling,P/Shenyang,
2000/CBM 79(1-0)(Golod,V)(34)}) 8... Qe7 9. Bd6 Bxd6 10. Qxd6 Ne8 ({Other
options are:} 10... Qd8) ({and} 10... Qxd6) 11. Qxe7 Nxe7 12. O-O-O f5 {
Black aspires to exchange White's central pawn in order to finish development.}
({Hardly recommended may be:} 12... a6 $5) 13. Nd6 $5 {In this position White
has many possibilities:} (13. Bd3) (13. exf5) (13. f3) ({and} 13. e5 $5) 13...
Nxd6 14. Rxd6 fxe4 15. Nxe4 Nf5 16. Rd2 d5 {[%csl Rc8] Now Black is close to
finishing his development, but the weakness of the pawn structure and the bad
bishop define white's advantage.} 17. Ng5 (17. Nc5 $143 b6 18. Nd3 Nd6 19. f3
Ba6 20. Ne5 Bxf1 21. Rxf1 Rac8 22. Re1 Rfe8 23. Kb1 a5 24. Rde2 Nb5 25. a4 Nc7
26. Re3 b5 27. axb5 Nxb5 28. Nd3 $14 {Ernst,T-Bellon Lopez,J/Stockholm,2001(1/
2-1/2)(38)}) 17... b6 ({I also found games in other continuations:} 17... Bd7)
({and} 17... Nh4) 18. Nf3 $1 {[%csl Re5] A good move. Magnus Carlsen prevents
his opponent from playing e5.} (18. Bd3 $143 e5 19. Re1 e4 20. Bb5 Ne7 21. Re3
h6 22. Nh3 Be6 (22... Bb7 23. Rc3 Rac8 24. Rxc8 Bxc8 25. Ng1 {1/2-1/2 Wahls,
M-Hall,J/Germany,1999(25)}) 23. Ba4 Nf5 24. Rc3 Nh4 25. Bb3 Rad8 26. Rc6 Bg4
27. Rxd5 Kh7 28. Nf4 Rxd5 29. Nxd5 Nxg2 $15 {Czebe,A-Chernov,V/Interlaken,2003
(0-1)(47)}) 18... Nd6 19. Bd3 Nb7 $6 $146 {Originally only this move is a
novelty. And I'm not sure that is a good novelty. I like the continuation of
the next game more:} (19... Bd7 $5 20. Re1 Nf7 21. c4 Rac8 22. Kb1 Rfe8 23.
cxd5 exd5 24. Rxe8+ Rxe8 25. Bc2 Bg4 26. Bb3 Bxf3 27. gxf3 Re1+ 28. Kc2 Kf8 29.
Rxd5 $14 {Berg,E-Hall,J/Germany,2002(1/2-1/2)(48)}) 20. c3 {White has very
simple play on the black squares and his advantage is clear. I think, that
from a strategical point of view - white's position is won.} Nc5 21. Bc2 a5 22.
Re1 a4 23. Ne5 $1 {According to theory of blockade of Nimzowitsch.} a3 24. b3 {
Now Black Pa3 is weak.} Ra7 {Unfortunately Black has no option for any
counterplay. He only needs to sit and wait.} 25. b4 Na6 26. f3 Rc7 27. Re3 Bb7
28. Rd4 {Full blockade on black squares!} Nb8 29. Kd2 Ba6 (29... Nc6 $5 30.
Nxc6 Rxc6 31. Bd3 Rfc8 32. Bb5 Rd6 33. c4 $16 {[%csl Ra3][%cal Ge3a3]}) 30. c4
{It's the right time to open the game. All white's pieces are on ideal
positions.} dxc4 (30... Rfc8 $5 31. Rxa3 Bxc4 32. Nxc4 Rxc4 (32... dxc4 33. Kc3
$16) 33. Rxc4 dxc4 (33... Rxc4 34. Ra8 Rc8 35. a4 $18) 34. Ra8 $18) (30... Bxc4
$5 31. Nxc4 dxc4 32. Rxe6 $16) 31. Rxa3 Bb5 (31... b5 $143 32. Rd6 $18) (31...
Rcc8 32. Re3 Nc6 33. Nxc6 Rxc6 34. Kc3 b5 35. a4 $18) 32. Rc3 Ra7 (32... Rfc8
$142 33. a4 Nd7 34. Ng4 Ba6 35. Ne3 {[%csl Ya6,Rc4][%cal Gb4b5]}) 33. a3 Rc8
34. Nxc4 $18 {That's all - now Magnus Carlsen transforms his positional
advantage in material.} Rac7 {The last chance.} 35. Bb3 Kf8 36. Rc2 Nd7 37. Nd6
Rxc2+ 38. Bxc2 e5 39. Re4 Rd8 $2 40. Nxb5 Nf6+ 41. Kc3 Nxe4+ 42. Bxe4 {Very
good positional victory for young Norvegian GM!} 1-0

[Event "Elbow Beach Club GM-A"]
[Site "Paget Parish"]
[Date "2001.01.30"]
[Round "10"]
[White "Shabalov, Alexander"]
[Black "Vescovi, Giovanni P"]
[Result "0-1"]
[WhiteElo "2570"]
[BlackElo "2519"]
[Annotator "Golod,V"]
[PlyCount "66"]
[EventDate "2001.01.20"]
[EventType "tourn"]
[EventRounds "10"]
[EventCountry "BER"]
[EventCategory "13"]
[SourceTitle "CBM 081"]
[Source "ChessBase"]
[SourceDate "2001.03.20"]
[SourceVersion "1"]
[SourceVersionDate "2001.03.20"]
[SourceQuality "1"]

1. e4 c5 2. Nf3 e6 3. d4 cxd4 4. Nxd4 Nc6 5. Nc3 Nf6 6. Nxc6 bxc6 7. e5 Nd5 8.
Ne4 Bb7 $5 {Leko's novelty.} 9. c4 $5 {[%mdl 4] In my opinion, this very
interesting reaction on the previous move of black.} ({Another continuations
are:} 9. Bd3 $6 Nb4 10. O-O c5 11. Re1 Nxd3 12. Qxd3 Qc7 13. Bf4 f5 14. exf6
Qxf4 15. fxg7 Bxg7 16. Nd6+ Ke7 17. Nxb7 Bxb2 (17... Qc7 18. Qd5 Rab8 19. Nxc5
$16 {1-0 Kovalev,A-Yagupov,I/Alushta,1999(39)}) 18. Rab1 Bd4 19. Re2 Raf8 $132)
({and more popular- played in supertournament by chessplayers from the World
top:} 9. Be2 $6 c5 10. O-O (10. c4 Nb4 11. Bf3 Qc7 12. Bf4 Nc6 13. Nd6+ Bxd6
14. exd6 Qb6 15. O-O O-O $132 {1/2-1/2 Gruenfeld,Y-Shariyazdanov,A/Biel SUI
1999/ (47)}) 10... Qc7 11. c4 (11. Nd6+ Bxd6 12. exd6 Qc6 13. f3 c4 (13... Nb6
14. Qd3 c4 15. Qd4 O-O 16. Rf2 f6 17. f4 Qd5 18. Be3 {1/2-1/2 Nataf,
I-Cherniaev,A/Biel SUI 1999/ (18)}) 14. Qd4 O-O 15. Bxc4 Qxd6 16. Rd1 Qb6 (
16... Rfc8 17. Bd3 {See commens to games:Svidler,P-Illescas Cordoba,M/Dos
Hermanas 1999/CBM 71 (1/2-1/2)(Golod,V) (26) and Anand,V-Leko,P/Dortmund,1999/
CBM 72 (1/2-1/2)(Golod,V)(29)}) 17. Bb3 Rfc8 18. Qxb6 (18. c4 Qxd4+ 19. Rxd4
Nb6 20. Be3 {1/2-1/2 Lautier,J-Illescas Cordoba,M/Cala Galdana ESP 1999/ (20)})
18... Nxb6 19. a4 {and see comments to the game:Kasparov,G-Leko,P/Linares,1999/
CBM 70 (1/2-1/2)(Golod,V) (48)}) 11... Ne3 $1 12. Nd6+ Bxd6 13. exd6 Qc6 14.
Bf3 Nxd1 15. Bxc6 Bxc6 16. Rxd1 $11 {1/2-1/2 Shirov,A-Kramnik,V/Frankfurt GER
2000/The Week in Chess 294 (93)}) 9... Nb4 10. c5 $1 (10. Bd2 $6 $132 c5 11.
Bxb4 Bxe4 12. Bc3 Qc7 13. Qg4 Qc6 14. f3 Bf5 $132 {0-1 Khachian,M-Halkias,S/
Yerevan ARM 2000/The Week in Chess 293 (39)}) 10... Ba6 $6 $146 {Natural and...
bad move. a6-f1 is the only diagonal for Bc8 activity, but White takes on a6
and solves Bf1 development problem. Then White consolidates his position and
leaves with serious advantage.} (10... Qb8 $142 11. f4 Ba6 12. a3 Bxf1 13. Rxf1
Nd5 14. Qd4 Be7 (14... Qd8 15. Bd2 Be7 16. f5 exf5 17. Rxf5 O-O 18. O-O-O $14 {
0-1 Parligras,M-Manolache,M/Techirghiol ROM 2000/The Week in Chess 305 (52)})
15. f5 exf5 16. Rxf5 O-O 17. Bd2 f6 18. O-O-O fxe5 19. Rxe5 Qb3 20. Bg5 Rae8
21. Bxe7 Rxe7 $14 (21... Ne3 $4 22. Nf6+ {1-0 Topalov,V-Illescas Cordoba,M/
Cala Galdana ESP 1999/(22)})) ({Interesting is also} 10... Qh4 11. Bd3 Nxd3+
12. Qxd3 Be7 13. Qf3 (13. O-O Ba6 $1) 13... Ba6 14. g3 Qh3 15. Bg5 $14) 11.
Bxa6 Nxa6 {[%csl Rc5]} 12. O-O $2 $15 {Why? For what hopes white giving P
without any compensation?} ({Clear advantage has White after} 12. Qd4 $1 Rb8 (
12... Qa5+ 13. Bd2 Qb5 {[%csl Rc5][%cal Gb5f1]} 14. b4 Be7 15. a4 (15. a3 $5)
15... Qb7 16. O-O O-O 17. Rab1 $14) (12... Nxc5 $4 13. Nxc5 Qa5+ 14. b4 $18)
13. Bd2 Be7 14. Bc3 O-O 15. O-O Nc7 {[%cal Gc7d5]} 16. Ba5 Qc8 17. Nf6+ Bxf6
18. exf6 gxf6 19. Bxc7 Qxc7 20. Qxf6 Qd8 $14) 12... Nxc5 13. Ng3 $2 ({Much
better is} 13. Nxc5 $5 Bxc5 14. Qg4 g6 15. b4 $15) 13... h5 $17 (13... d5 14.
exd6 Qxd6 $17) 14. Be3 ({Or} 14. Nxh5 Qh4 15. g4 Ne4 $1 $17 {[%csl Rg1][%cal
Gg7g6,Gf8c5]}) 14... h4 15. Nh5 Nd3 $1 {[%csl Rh5]} 16. f4 (16. Nxg7+ Bxg7 17.
Qxd3 Bxe5 $17) 16... Nb4 $5 (16... Nxb2 $5 17. Qg4 Rh7) 17. Qg4 Rxh5 $1 {
[%mdl 64] One of advantage realisation ways.} ({Right also} 17... Rh7 $5 {
[%csl Gg7]} 18. Bf2 Nd5 19. f5 (19. Rfd1 g6 $17) 19... exf5 20. Qxf5 g6 $17)
18. Qxh5 Nc2 {[%csl Ra1,Re3]} 19. f5 {[%csl Rf7][%cal Gf1f7,Gh5f7]} Qc7 $1 {
[%cal Yc7f7]} (19... Nxe3 $4 20. fxe6 Qe7 21. Rxf7 $18) 20. fxe6 (20. f6 gxf6
21. Rxf6 O-O-O 22. Rc1 Nxe3 23. Rxf7 Qb6 $19) 20... dxe6 {[%cal Gc7f7]} 21.
Rac1 Nxe3 22. Rxc6 Qe7 $1 (22... Qxc6 $4 23. Qxf7+ Kd8 24. Qxf8+ Kc7 25. Rf7+
Kb6 26. Qb4+ Ka6 27. Qa3+ $18 {[%csl Re3]}) 23. Rfc1 Nd5 24. a3 (24. R6c4 g5
$17) 24... g6 25. Qg4 Rd8 26. Qa4 Qd7 27. Qxh4 Qb7 $6 (27... Bg7 {[%csl Re5]}
28. Qe4 Qb7 $17) 28. h3 ({After} 28. Qa4 $1 {Black had to turn back:} Qd7 29.
Qh4 Bg7 $17) 28... Bg7 {[%csl Re5]} 29. Rd6 $6 $19 ({More stubborn resistance
after:} 29. Qa4 Kf8 $17) 29... Rc8 30. Qa4+ Kf8 31. Rf1 (31. Rc5 Kg8 32. Rxc8+
Qxc8 33. Rc6 Qd7 $19) (31. Re1 Qxb2 $19) 31... Ne3 32. Rf3 Rc1+ 33. Kf2 Qxb2+ (
33... Qxb2+ 34. Kxe3 Bh6+ 35. Ke4 (35. Rf4 Qxe5+) 35... Qe2+ 36. Kd4 Qd2+ 37.
Ke4 Re1+ 38. Re3 Qxe3#) 0-1

[Event "Mario Covas 1st"]
[Site "Santos"]
[Date "2001.02.02"]
[Round "5"]
[White "Zapata, Alonso"]
[Black "Lima, Darcy Gustavo Macha"]
[Result "1-0"]
[WhiteElo "2485"]
[BlackElo "2544"]
[Annotator "Golod,V"]
[PlyCount "67"]
[EventDate "2001.01.29"]
[EventType "tourn"]
[EventRounds "11"]
[EventCountry "BRA"]
[EventCategory "8"]
[SourceTitle "CBM 082"]
[Source "ChessBase"]
[SourceDate "2001.05.17"]
[SourceVersion "1"]
[SourceVersionDate "2001.05.17"]
[SourceQuality "1"]

1. e4 c5 2. Nf3 e6 3. d4 cxd4 4. Nxd4 Nf6 5. Nc3 Nc6 6. Ndb5 Bb4 7. a3 Bxc3+ 8.
Nxc3 d5 9. exd5 {It's main line.} (9. Bd3 $5 {See comments to Ponomariov,
R-Kortschnoj,V/Donetsk,2001/ CBM 81(1/2-1/2) (Golod,V)(63)}) 9... exd5 10. Bd3
O-O 11. O-O d4 $1 {It's best move.} 12. Ne4 {Nowadays- 12.Ne4 is not actual.} (
12. Ne2 $5 {You can see comments to Bosch,J-Janssen,R/Wijk aan Zee,1999/CBM 69
(1/2-1/2) (Golod,V)(37)}) 12... Bf5 13. Bg5 Bxe4 14. Bxe4 h6 15. Bxf6 Qxf6 {
This variation idea is to simplify position by pieces exchange and though
Black has isolated Pd4 and N against strong B, Black has enough resourses to
finish the game draw. Of course, the main evaluation of this variation
position is: +/=/=} 16. Qd3 $5 ({Here more often was checked:} 16. Re1 $5 {
(and 16.Qf3!?).You can see comments to games: Leko,P-Kramnik,V/Budapest,2001/
CBM 81 (1/2-1/2) (Golod,V)(33) and Leko,P-Timman,J/Wijk aan Zee, 2001/CBM 81(1/
2-1/2)(Golod,V)(52)}) 16... Rad8 $146 ({Was checked in the previous game:} 
16... Rfe8 $5 17. Rfe1 (17. f4 $6 Re7 18. g3 Rae8 19. Rfe1 Kf8 $11 {[%csl Re3]
Grafl,F-Pecnik,L/Chalkidiki,2000(1-0)(35)}) 17... Re5 18. Re2 Rae8 19. Rae1 g6
20. Qf3 Qxf3 21. Bxf3 Rxe2 22. Rxe2 Rxe2 23. Bxe2 Kf8 {+/=/=; Franco Gomez,
F-Cuesta Navarro,S/Mondariz,1996(1/2-1/2)(45)}) 17. Rad1 Ne5 (17... Rfe8 {
-again it deserves attention.}) 18. Qb3 b6 19. Qa4 Rfe8 20. Rfe1 ({Senselessly:
} 20. Qxa7 {in view of:} Nc4 {[%csl Rb2,Re4]} 21. Rfe1 Nxb2 22. Rb1 Nc4 $11)
20... Ng6 $2 {In my opinion,it's mistake in text of a game.Apparently was in
game:} (20... Ng4 21. Bf3 Ne5 {and see the game,after: 21...Ne5.} (21... Rxe1+
$5 22. Rxe1 Ne5 {+/=/=})) 21. Bf3 $2 {Now it is absolutely not clear why white
have not taken the pawn"a7":} (21. Qxa7 Nf4 (21... d3 22. Bxd3 Rxe1+ 23. Rxe1
Qxb2 24. Qc7 $16) 22. Qc7 Re6 $16) 21... Ne5 22. Be2 Re7 {[%csl Ye7][%cal
Ye7a7] Position black is very reliable.} 23. h3 {+/=/=} Rd6 24. Qb3 Rde6 $5 {
[%csl Re1,Re2][%cal Ge5f3] <->e} 25. Rf1 Ng6 26. Bc4 Rc6 {This move better,
than:} (26... Re4 27. Bd3 R4e6 28. Bxg6 Qxg6 29. Rxd4 Re2 $44) 27. Rfe1 Ne5 $6
{At black there was a tactical protective resource:} (27... Nf4 $1 28. Rxe7
$140 Qxe7 29. Rxd4 Qe1+ 30. Kh2 Qxf2 31. Qf3 (31. Rd8+ Kh7 32. Bd3+ Nxd3 33.
Qxd3+ Rg6 $11) 31... Qxf3 32. gxf3 g5 $11) 28. Bd5 Rc5 29. Re4 {[%csl Rd4]}
Rec7 {[%csl Rc2]} 30. Rde1 Nc4 $2 ({It was more reliable:} 30... Re7 31. Kf1 {
[%csl Rd4]} Ng6) 31. Qd3 $1 {[%csl Rg8][%cal Ge4e8]} g6 (31... g5 $144 32. Bxc4
Rxc4 33. c3 $16) 32. Re6 $6 ({From my point of view, is better-more simple
idea:} 32. Bxc4 Rxc4 33. c3 $16 {[%csl Rc4]}) 32... fxe6 $2 {[%mdl 8192]
Inexplicable tactical blunder.} ({It is necessary:} 32... Nxb2 $1 33. Qg3 (33.
Qb3 $6 Qf5 34. Re8+ Kg7 35. Be4 Qd7 $13 {[%csl Re8]}) 33... fxe6 34. Rxe6 Qg7 (
34... Qxe6 $2 35. Qxg6+) 35. Rxg6+ Rxd5 36. Rxg7+ Rxg7 37. Qb3 {[%csl Rb2,Rd5]}
Rgd7 38. Qxb2 $14) 33. Rxe6 {Again mistake.} Qxe6 $2 ({More stubborn
resistance after:} 33... Qg7 34. Rxg6+ Rxd5 35. Rxg7+ Rxg7 $8 (35... Kxg7 $2
36. Qg3+ {[%csl Rc7,Rg7]}) 36. Qxc4 Rgd7 $16) 34. Qxg6+ $18 ({Further
resistance is impossible.For example:} 34. Qxg6+ Kf8 35. Qxe6 {[%csl Rf8,Rh6]}
Nxb2 36. Qxh6+ Ke8 37. Qe6+ {and so on.}) 1-0

[Event "Abu Dhabi op 14th"]
[Site "Abu Dhabi"]
[Date "2004.08.17"]
[Round "4"]
[White "Timofeev, Artyom"]
[Black "Hasangatin, Ramil"]
[Result "1/2-1/2"]
[WhiteElo "2611"]
[BlackElo "2485"]
[Annotator "Golod,V"]
[PlyCount "80"]
[EventDate "2004.08.14"]
[EventType "swiss"]
[EventRounds "9"]
[EventCountry "UAE"]
[SourceTitle "CBM 103"]
[Source "ChessBase"]
[SourceDate "2004.11.11"]
[SourceVersion "1"]
[SourceVersionDate "2004.11.11"]
[SourceQuality "1"]

1. e4 c5 2. Nf3 Nc6 3. d4 cxd4 4. Nxd4 e6 5. Nc3 Bb4 6. Ndb5 Nf6 7. a3 Bxc3+ 8.
Nxc3 d5 9. Bd3 {White first evade from the mainline theoretical variation: 9.
exd5!?} d4 {Rare move.More popular is:} (9... dxe4 $5) 10. Ne2 e5 {Simple and
good move. Black opens Bc8 and places PP on the black squares,in view of
exchange of black-squares bishop.} 11. O-O O-O 12. Ng3 $5 {Besides White has
two main alternatives:} (12. h3 $5 {You can see my annotations to games:
Ponomariov,R-Kortschnoj,V/Donetsk,2001/CBM 81(1/2-1/2)(63) and Shirov,
A-Grischuk,A/Linares,2001/CBM 82(1-0)(32)}) ({and} 12. f4 $5 {You can see my
comments to Svidler,P-Al Modiahki,M/Bermuda,2003/CBM 94(1-0)(48)}) 12... Be6 $5
({On:} 12... Bg4 $5 13. f3 $140 Be6 {[%cal Yf6d7] I have found three games}) ({
On:} 12... h6 $6 {and 12...Kh8 I have found two games on each continuation}) ({
And after:} 12... Re8 {or 12...Ne7 I have found only one game on each
continuation in my database.}) 13. b4 $5 $146 {White also want to supervise a
situation on a queen side.} ({Recently were checked up other continuations:} 
13. f4 $6 exf4 14. Rxf4 $6 (14. Bxf4 $5 Ng4 $13) 14... Ne5 15. h3 Rc8 16. Rf2
Nfd7 17. Bf1 Qb6 18. b4 Nc4 $15 {Brodsky,M-Raetsky,A/Biel,2004(0-1)(35)}) ({and
} 13. h3 Nd7 14. Qe2 {1/2-1/2 Kovalevskaya,E-Skripchenko,A/Krasnoturinsk,2004
(14)}) 13... Rc8 {<->c; ><c4;c3} 14. h3 {/\f4(><g4) Artyom Timofeev has
decided to not save on this move.} ({Leads to quieter and solid game:} 14. f4
$5 Ng4 $1 15. f5 $140 Qh4 16. h3 $8 Qxg3 17. hxg4 (17. Qxg4 $143 Qxg4 18. hxg4
Bd7 $11) 17... Bd7 18. Qf3 Qxf3 19. gxf3 {+/=/=}) 14... a6 {This move is
directed against progress "b5" and also prepares Nd7.} 15. f4 {It was more
impossible to hesitate with this move!} exf4 16. Bxf4 Nd7 {/\Nde5 or Nce5 It's
the most logical reaction to the previous moves of White.} 17. b5 $1 ({I think,
that White have not played immediately:} 17. Qh5 {in view of that,after:} Nf6
18. Qh4 $140 (18. Qf3 $144 Nd7) {Black can begin a drawn blackmail:} 18... Nd7
$1 19. Qh5 Nf6 $11 {(that is impossible after inclusion of moves: 17.b5 axb5.)}
) 17... axb5 18. Qh5 Nce5 $5 ({Now was senseless:} 18... Nf6 {because of:} 19.
Qxb5 $14) ({After:} 18... b4 $6 19. e5 f5 20. exf6 Nxf6 21. Qh4 bxa3 22. Rxa3
$36 {White develop a strong initiative,all their pieces are ready for this
purpose.}) 19. Bxe5 {Differently,Black will play "f6" on the following move:
and will block the centre.} g6 20. Qh6 Nxe5 21. Nf5 $1 {Differently,White
remains without P and without any compensation for him:} (21. Rab1 $2 Bc4 $15)
21... Qf6 $6 {I am not sure that it is an absolutely correct sacrifice of
exchange.} (21... gxf5 $2 22. exf5 {[%csl Rg8][%cal Gf5e6,Gf5f6]} f6 23. fxe6
Qe7 24. Rf4 $16) (21... Bxf5 $5 22. exf5 {[%cal Gf5f6]} Rc6 23. Bxb5 Rb6 24. a4
$13) 22. Nxd4 $6 {Very strange decision.Artyom Timofeev missed an excellent
opportunity to receive a material advantage:} (22. Nd6 $1 Qe7 (22... Qg7 $143
23. Qxg7+ Kxg7 24. Nxc8 Rxc8 25. Rfd1 {+/=/+/-}) 23. Nxc8 Rxc8 24. Qd2 {
with obvious advantage of White.}) 22... Qg7 23. Qxg7+ (23. Qe3 $143 Bc4 24.
Rad1 Ra8 {=/=/+}) 23... Kxg7 24. Bxb5 Bc4 $44 {Now Black have excellent
compensation behind pawn.} 25. Rfb1 (25. Bxc4 $143 Rxc4 26. Rfd1 Ra8 {/\R8a4}
27. Rab1 Rxa3 28. Rxb7 Raa4 29. Rb5 (29. Ne6+ $143 Kh6 30. Nd8 Rxc2 31. Nxf7+
Nxf7 32. Rxf7 Raa2 33. Kf1 Rxg2 34. Ra1 $1 $11) 29... Rxd4 30. Rxd4 Rxd4 31.
Rxe5 Rc4 $11) 25... Rfd8 26. c3 Kg8 {[%csl Yg8][%cal Rb7h7] Ramil Hasangatin
fairly was afraid of the following idea: 27.Bxc4 Rxc4 28.Rxb7 /\Rxc3? 29.Ne6+}
27. a4 ({Already,not dangerously:} 27. Bxc4 Rxc4 28. Rxb7 Rxc3 $44 {[%csl Rg1]}
) 27... Bxb5 28. Nxb5 Rc4 29. Rb4 ({Hardly it was better:} 29. Re1 Rd2 $44)
29... Rd2 30. Rxc4 Nxc4 31. a5 h5 {Black prepare the next active move.} 32. Ra4
Ne3 33. e5 Rxg2+ 34. Kh1 Rg3 35. Nd6 {The purpose of White - to open a road to
Pa5.} Rxh3+ 36. Kg1 h4 {The Ph4 becomes not less dangerous than Pa5.} 37. Nxb7
Rg3+ 38. Kh1 $8 ({Unexpectedly at once loses a game:} 38. Kf2 $4 {in view of:}
Ng4+ {[%cal Gh4h3,Gh3h2]} 39. Ke2 (39. Rxg4 $143 Rxg4 40. a6 Ra4 41. Nc5 Ra5
$19) 39... h3 40. a6 h2 41. a7 (41. Ra1 $2 Rg1) 41... h1=Q 42. a8=Q+ Kg7 $19 {
with decisive attack on white king.}) 38... Rh3+ $11 ({The same result turns
out and after sharper continuation:} 38... h3 39. Nd6 $5 (39. a6 Ng4 40. Rf4 (
40. Ra2 $4 Rxc3 41. Ra1 $8 Rc2 42. a7 (42. Rf1 Rh2+ 43. Kg1 Rg2+ 44. Kh1 Nf2+
45. Rxf2 Rxf2 46. Nc5 Ra2 $19) 42... Rh2+ 43. Kg1 Rg2+ 44. Kf1 $8 (44. Kh1 $4
Nf2#) 44... Ne3+ 45. Ke1 h2 $1 (45... Rg1+ $5 46. Kd2 Rxa1) 46. a8=Q+ Kg7 {
[%csl Re1][%cal Gh2h1] with mate in 4 move.}) 40... Rg2 $1 41. a7 Rh2+ 42. Kg1
Rg2+ 43. Kh1 (43. Kf1 $4 Ne3+ 44. Ke1 Ra2 45. a8=Q+ (45. Rf3 h2 46. Rh3 Rxa7
$19) 45... Rxa8 46. Kf2 h2 47. Rh4 Ng4+ 48. Kg2 (48. Kg3 Ra1 $19) 48... Ra1 $19
{[%cal Ga1g1]}) 43... Rh2+ 44. Kg1 $11) 39... Rg2 $1 (39... Ng4 $2 40. Ne4 {
/\Nf6+} Rf3 41. Nf6+ $1 Nxf6 42. exf6 Rxc3 43. a6 Rc8 44. a7 Ra8 45. Kh2 $16)
40. Ne4 (40. Rh4 Ng4 41. Rxh3 Ra2 $11) 40... Kg7 41. a6 Ng4 42. a7 Re2 43. Ra1
$8 Rh2+ 44. Kg1 Rg2+ 45. Kh1 $8 (45. Kf1 $4 Nh2+ 46. Ke1 Rg1+ 47. Kf2 Rxa1)
45... Rh2+ $11) 39. Kg1 Rg3+ 40. Kh1 $8 {White are obliged to repeat moves.}
Rh3+ ({Also leads to draw game:} 40... Ng4 41. a6 Nf2+ 42. Kh2 Ng4+ 43. Kh1 (
43. Rxg4 $2 Rxg4 44. Nc5 $140 h3 $1 45. Kxh3 (45. a7 $2 Rg2+ 46. Kxh3 Ra2)
45... Rg1 $17 {[%csl Gg6][%cal Yg1a1,Yg8f8,Yf8e7]}) 43... Nf2+ 44. Kh2 Ng4+ $11
) 1/2-1/2